skbl

Dr Suryya Kumar Bhuyan Library Web-OPAC
ডঃ সূৰ্য্য
কুমাৰ ভূঞা পুথিভঁৰাল ৱেব-অ'পেক

All Research Scholars are advised to clear the annual library fees to continue using Library Resources, Remote Access, Plagiarism Test and Library Clearance.

Cotton University Book Fair 2026

BONSAI : (Record no. 54641)

MARC details
000 -LEADER
fixed length control field 00520nam a2200205Ia 4500
001 - CONTROL NUMBER
control field 54687
008 - FIXED-LENGTH DATA ELEMENTS--GENERAL INFORMATION
fixed length control field 080101n ii |||gr||||Z||||||465
020 ## - INTERNATIONAL STANDARD BOOK NUMBER
International Standard Book Number (10):81-7754-122-6
041 ## - LANGUAGE CODE
Language code of text/sound track or separate title 465
082 ## - DEWEY DECIMAL CLASSIFICATION NUMBER
Classification number 635.9772
100 ## - MAIN ENTRY--PERSONAL NAME
Personal name Dey,
Relator term S.C.,
245 #0 - TITLE STATEMENT
Title BONSAI :
Remainder of title An Art of Minature Plant Culture /
Statement of responsibility, etc. S.C.Dey .
Medium Textual Documents
250 ## - EDITION STATEMENT
Edition statement Ist ed-2010.
260 ## - PUBLICATION, DISTRIBUTION, ETC.
Place of publication, distribution, etc. Jodhpur
Name of publisher, distributor, etc. Agrobios (India)
300 ## - PHYSICAL DESCRIPTION
Extent 121p:
Dimensions 23cm.
500 ## - GENERAL NOTE
General note 832/G/Ref
653 ## - INDEX TERM--UNCONTROLLED
Uncontrolled term Botany
653 ## - INDEX TERM--UNCONTROLLED
Uncontrolled term Ref-Bot
942 ## - ADDED ENTRY ELEMENTS (KOHA)
Source of classification or shelving scheme Dewey Decimal Classification
Koha item type Books
Holdings
Withdrawn status Lost status Damaged status Not for loan Collection Home library Current library Shelving location Date acquired Coded location qualifier Total checkouts Full call number Barcode Date last seen Copy number Price effective from Koha item type
          Dr. Suryya Kumar Bhuyan Library Dr. Suryya Kumar Bhuyan Library   09/04/2012 00000   635.9772 De 53 Bo 967/Bot 14/01/2024 1 09/04/2012 Books

Designed and Maintained by Team SKBL
©1901-2026

Powered by Koha